5HLuxD.jpg

KING HENRY VIII SENIOR AND PRIMARY SCHOOL LIBRARY OPAC

Cat Kid Comic Club : (Record no. 3957)

000 -LEADER
fixed length control field 02242cam a2200481 4500
001 - CONTROL NUMBER
control field 350970
003 - CONTROL NUMBER IDENTIFIER
control field OSt
005 - DATE AND TIME OF LATEST TRANSACTION
control field 20241126133558.0
008 - FIXED-LENGTH DATA ELEMENTS--GENERAL INFORMATION
fixed length control field 221003s2021 nyua b 6 000 1 eng d
010 ## - LIBRARY OF CONGRESS CONTROL NUMBER
LC control number 2020932630
020 ## - INTERNATIONAL STANDARD BOOK NUMBER
International Standard Book Number 9781338784855
Qualifying information (hbk.) :
040 ## - CATALOGING SOURCE
Original cataloging agency NjBwBT
Language of cataloging eng
Transcribing agency HT#
Modifying agency HT#
-- LE@
-- RNL
-- OCLCQ
-- JQM
-- XY4
-- CGB
-- SDG
-- GK8
-- DUD
-- KC#
-- ORK
-- AU@
-- MDR
-- HQD
-- YDX
-- AZZPT
-- T3Q
-- OCLCF
-- JTH
-- NZ1
-- VP@
-- GWV
-- EHH
-- OSU
-- UtOrBLW
-- KH8
042 ## - AUTHENTICATION CODE
Authentication code nbic
082 0# - DEWEY DECIMAL CLASSIFICATION NUMBER
Classification number 741.5973 PIL
100 1# - MAIN ENTRY--PERSONAL NAME
Personal name Pilkey, Dav,
Dates associated with a name 1966-
Relator term aut.,
-- ill.
245 10 - TITLE STATEMENT
Title Cat Kid Comic Club :
Remainder of title perspectives /
Statement of responsibility, etc. written, illustrated, and colored by Dav Pilkey as George Beard and Harold Hutchins ; with digital color by Jose Garibaldi.
250 ## - EDITION STATEMENT
Edition statement 1st ed.
260 ## - PUBLICATION, DISTRIBUTION, ETC.
Place of publication, distribution, etc. New York, NY :
Name of publisher, distributor, etc. Graphix, an imprint of Scholastic,
Date of publication, distribution, etc. 2021.
300 ## - PHYSICAL DESCRIPTION
Extent 221 p. :
Other physical details ill. (chiefly color) ;
Dimensions 22 cm.
490 1# - SERIES STATEMENT
Series statement Cat Kid Comic Club ;
Volume/sequential designation [2]
500 ## - GENERAL NOTE
General note "Tree-house comix proudly presents"
520 ## - SUMMARY, ETC.
Summary, etc. "Flippy, Molly, Li'l Petey, and twenty-one baby frogs each have something to say. Naomi and Melvin don't see eye to eye and Poppy perceives the world differently than her siblings. Will the baby frogs figure out how to work together and appreciate one another's point of view -- both inside and outside the classroom?"--
Assigning source Provided by publisher.
650 #0 - SUBJECT ADDED ENTRY--TOPICAL TERM
Topical term or geographic name entry element Clubs
Form subdivision Comic books, strips, etc.
650 #0 - SUBJECT ADDED ENTRY--TOPICAL TERM
Topical term or geographic name entry element Cats
Form subdivision Comic books, strips, etc.
650 #0 - SUBJECT ADDED ENTRY--TOPICAL TERM
Topical term or geographic name entry element Frogs
Form subdivision Comic books, strips, etc.
650 #0 - SUBJECT ADDED ENTRY--TOPICAL TERM
Topical term or geographic name entry element Brothers and sisters
Form subdivision Comic books, strips, etc.
650 #0 - SUBJECT ADDED ENTRY--TOPICAL TERM
Topical term or geographic name entry element Perspective (Philosophy)
Form subdivision Comic books, strips, etc.
650 #0 - SUBJECT ADDED ENTRY--TOPICAL TERM
Topical term or geographic name entry element Clubs
Form subdivision Juvenile fiction.
650 #0 - SUBJECT ADDED ENTRY--TOPICAL TERM
Topical term or geographic name entry element Cats
Form subdivision Juvenile fiction.
650 #0 - SUBJECT ADDED ENTRY--TOPICAL TERM
Topical term or geographic name entry element Frogs
Form subdivision Juvenile fiction.
650 #0 - SUBJECT ADDED ENTRY--TOPICAL TERM
Topical term or geographic name entry element Brothers and sisters
Form subdivision Juvenile fiction.
650 #0 - SUBJECT ADDED ENTRY--TOPICAL TERM
Topical term or geographic name entry element Perspective (Philosophy)
Form subdivision Juvenile fiction.
655 #7 - INDEX TERM--GENRE/FORM
Genre/form data or focus term Graphic novels.
Source of term fast.
655 #7 - INDEX TERM--GENRE/FORM
Genre/form data or focus term Comics (Graphic works)
Source of term fast.
655 #7 - INDEX TERM--GENRE/FORM
Genre/form data or focus term Fiction.
Source of term fast.
655 #7 - INDEX TERM--GENRE/FORM
Genre/form data or focus term Humorous comics.
Source of term fast.
655 #7 - INDEX TERM--GENRE/FORM
Genre/form data or focus term Humorous fiction.
Source of term gsafd.
655 #7 - INDEX TERM--GENRE/FORM
Genre/form data or focus term Juvenile works.
Source of term fast.
655 #7 - INDEX TERM--GENRE/FORM
Genre/form data or focus term Funny animal comics.
Source of term lcgft.
700 1# - ADDED ENTRY--PERSONAL NAME
Personal name Garibaldi, Jose,
Relator term colorist.
800 1# - SERIES ADDED ENTRY--PERSONAL NAME
Personal name Pilkey, Dav,
Dates associated with a name 1966-
Title of a work Cat Kid Comic Club (Series) ;
Volume/sequential designation 2.
942 ## - ADDED ENTRY ELEMENTS (KOHA)
Source of classification or shelving scheme
Koha item type Books - Non Ficton
Holdings
Withdrawn status Lost status Source of classification or shelving scheme Damaged status Not for loan Collection code Permanent Location Current Location Shelving location Date acquired Total Checkouts Full call number Barcode Date due Date last seen Date last checked out Price effective from Koha item type
          Non-Fiction KH8 Primary School Library KH8 Primary School Library Non Fiction 2024-11-26 2 741.5973 PIL KHPL000004656 2025-03-24 2025-03-24 2025-03-24 2024-11-26 Books - Non Ficton

Powered By KH8 IT Dept